000 01166nam a22002777a 4500
999 _c64783
_d64783
005 20240530110750.0
008 181211s2017 ua a g b 000 0 ara d
017 _a2017/21495
_bمصر. دار الكتب
020 _a9789770531594
040 _aEG-CaGPL
_cEG-CaGPL
082 0 4 _221
_a371.92 /
_bهـ ت
100 1 _aهانيل، جلينيس
245 1 0 _aتحديد فئات ذوى الاحتياجات الخاصة قوائم وصف للفرق الفردية /
_cتاليف جلينيس هانيل ؛ ترجمة مريم عبداللطيف ؛ مراجعة علمية وتقديم منال عمر
250 _aط.1
260 _aالقاهرة :
_bمكتبة الانجلو المصرية ،
_c2018.
300 _a215 ص. :
_bايض ؛
_c24 سم.
504 _aيشتمل على ارجاعات ببليوجرافية
650 0 7 _2qrmak
_aالمعوقون
650 0 7 _2qrmak
_aالمعوقون
_xتعليم
651 _2qrmak
653 0 _aالمعوقون - فئات
700 0 _aمريم عبداللطيف
_eمترجم
700 0 _aمنال عمر
_eمراجع ومقدم
942 _2ddc
_cBK